| 000 | 00609nam a22002052 4500 | ||
|---|---|---|---|
| 001 | 0000019997 | ||
| 005 | 20151217152206.0 | ||
| 008 | 110415s xx 000 0 eng d | ||
| 020 | _a9966854126 : | ||
| 040 |
_aKABU _cKABU |
||
| 100 | 1 |
_aElias, G. D. Onditi. _@0000180022 |
|
| 245 | 1 | 0 |
_aManual of diagnostic ultrasound / _cG. D. Onditi Elias. |
| 250 | _a1st ed. | ||
| 260 |
_aEldoret, Kenya : _bMoi University, _c1996. |
||
| 300 | _aviii, 70 p. | ||
| 650 | 0 |
_aDiagnosis, Ultrasonic. _@0000180023 |
|
| 852 | 1 | _9p270 KES | |
| 908 | _a110415 | ||
| 950 | _@1 | ||
| 999 |
_c9157 _d9157 |
||